|
|
|
|
| LEADER |
00000cam a2200000 7i4500 |
| 001 |
0000001782 |
| 005 |
20011120.0 |
| 090 |
0 |
0 |
|a 625.709595
|b MAL 1976
|
| 110 |
1 |
0 |
|a MALAYSIA
|c Jabatan Kerja Raya
|
| 245 |
1 |
0 |
|a Kuala Krai-Gua Musang-Kuala Lipis Highway project :
|b project carried out under New Zealand's Colombo Plan Aid to Malaysia
|
| 260 |
0 |
0 |
|a Kuala Lumpur :
|b ENEX of New Zealand ,
|c 1976
|
| 300 |
|
|
|a 39 p. :
|b folded maps ;
|c 30 cm.
|
| 500 |
0 |
0 |
|a Location report Gua Musang-Kuala Lipis part 'C'
|
| 650 |
0 |
0 |
|a Express highway
|z Malaysia
|
| 998 |
|
|
|a JPSM
|
| 999 |
|
|
|a 0000002679
|b Monograph
|c Open Shelf
|e Default branch
|